书目信息 |
| 题名: |
网络操作系统教程
|
|
| 作者: | 刘本军, 主编 | |
| 分册: | ||
| 出版信息: | 北京 机械工业出版社 2007.02 |
|
| 页数: | 301页 | |
| 开本: | 26cm | |
| 丛书名: | 21世纪高职高专规划教材系列 | |
| 单 册: | ||
| 中图分类: | TP316.86 | |
| 科图分类: | ||
| 主题词: | 服务器--fu wu qi--操作系统 (软件)--高等学校--教材 | |
| 电子资源: | ||
| ISBN: | 978-7-111-20857-0 | |
| 000 | 01035nam 2200253 450 | |
| 001 | 012007883279 | |
| 005 | 20181218095942.90 | |
| 010 | @a978-7-111-20857-0@dCNY28.00 | |
| 100 | @a20070815d2007 km y0chiy0120 ea | |
| 101 | 0 | @achi |
| 102 | @aCN@b110000 | |
| 105 | @aa z 000yy | |
| 200 | 1 | @a网络操作系统教程@Awang luo cao zuo xi tong jiao cheng@eWindows Server 2003管理与配置@f刘本军主编@Fliu ben jun zhu bian |
| 210 | @a北京@c机械工业出版社@d2007.02 | |
| 215 | @a301页@c图@d26cm | |
| 225 | 2 | @a21世纪高职高专规划教材系列@A21 shi ji gao zhi gao zhuan gui hua jiao cai xi lie |
| 330 | @a本书从架构计算机网络的整体角度出发,讲解了应用Windows Server 2003架构网络环境的方法,系统服务的配置与管理等内容。 | |
| 410 | 0 | @12001 @a21世纪高职高专规划教材系列 |
| 517 | 1 | @aWindows Server 2003管理与配置@AWindows Server 2003 guan li yu pei zhi |
| 606 | 0 | @a服务器@Afu wu qi@x操作系统 (软件)@x高等学校@j教材 |
| 690 | @aTP316.86@v4 | |
| 701 | 0 | @a刘本军,@Aliu ben jun@f1976- @4主编 |
| 801 | 0 | @aCN@c20071010 |
| 905 | @dTP316.86@eL582 | |
| 网络操作系统教程:Windows Server 2003管理与配置/刘本军主编.-北京:机械工业出版社,2007.02 |
| 301页:图;26cm.-(21世纪高职高专规划教材系列) |
| ISBN 978-7-111-20857-0:CNY28.00 |
| 本书从架构计算机网络的整体角度出发,讲解了应用Windows Server 2003架构网络环境的方法,系统服务的配置与管理等内容。 |
| ● |
| 相关链接 |
|
|
|
正题名:网络操作系统教程
索取号:TP316.86/L582
 
预约/预借
| 序号 | 登录号 | 条形码 | 馆藏地/架位号 | 状态 | 备注 |
| 1 | 1301472 | 213014726 | 自科库301/301自科库 58排7列2层/ [索取号:TP316.86/L582] | 在馆 | |
| 2 | 254370 | 202543701 | 自科二线404/404自科库 23排6列6层/ [索取号:TP316.86/L582] | 在馆 | |
| 3 | 254371 | 202543710 | 自科二线404/404自科库 23排6列6层/ [索取号:TP316.86/L582] | 在馆 | |
| 4 | 254372 | 202543729 | 自科二线404/301自科库 55排5列5层/ [索取号:TP316.86/L582] | 在馆 |